| 000 | 00610nam a2200205Ia 4500 | ||
|---|---|---|---|
| 003 | GCL | ||
| 008 | 140319s9999 xx 000 0 ara d | ||
| 040 |
_aGCL / _cGCL |
||
| 082 | 0 | 4 |
_a813.03 _bى ك |
| 100 | 1 | _aفؤاد دواره | |
| 245 | 1 | 0 |
_aكناسة الدكان / _cفؤاد دواره |
| 700 | 1 | _aيحيى حقى | |
| 260 |
_a[S.N] : _bالهيئة المصرية العامة للكتاب ، _c1991 |
||
| 300 | _a195 ص | ||
| 490 |
_aمؤلفات يحيى حقى _v0 |
||
| 650 | 0 | 4 | _aالادب العربى |
| 650 | 0 | 4 | _aمصر |
| 650 | 0 | 4 | _aالمقالات العربية |
| 942 |
_2ddc _cBK |
||
| 999 |
_c29564 _d29564 |
||